000 00794nam a22001577a 4500
999 _c63545
_d63545
003 Ge_BSU
005 20251028145118.0
008 251028s1948 ge ||||| |||| 00| 0 geo d
041 _ageo
080 _a336.14(47+57)(075.8) რ-74
100 _aროვინსკი, ნ.ნ.
_926117
245 _aსსრ კავშირის სახელმწიფო ბიუჯეტი :
_b[სახელმძღვ. საფინანსო-ეკონომიური უმაღლესი სასწავლებელთათვის] /
_cნ.ნ. როვინსკი.
264 _aთბ. :
_bთბილ. სახელმწ. უნ-ტის გამ-ბა და სტ.,
_c1948.
300 _a468 გვ. ;
_b25 სმ.
942 _2udc
_cᲬᲘᲒᲜᲘ